000 01402nam2a2200253 4500
001 RU\NLR\BIBL_A\012781851
005 20250624154505.0
035 _a(NLR Aleph) 012781851
090 _a13125611
_c13125611
100 _a20220506j19370523|||y0rusy50 ca
101 0 _alav
102 _aRU
135 _acrcn 024anaba
200 0 _a1937, № 46 (1031) (23 мая)
210 _d1937
_aБ. м.
325 1 _aКопия доступна в электронной библиотеке РНБ
461 0 _1001RU\NLR\BIBL_A\012681027
_12001#$aTaisneiba$epopulāra, ilustreita latgalīšu zemnīku avīze$eVyskrīvijas Kompartijas CK un Sibires apgobola Latsekcijas izdavums$v1937, № 46 (1031) (23 мая)
_912815134
_aВКП(б)
_cНовосибирск
_d1926-1937
_opopulāra, ilustreita latgalīšu zemnīku avīze : Vyskrīvijas Kompartijas CK un Sibires apgobola Latsekcijas izdavums
_tTaisneiba
_v1937, № 46 (1031) (23 мая)
852 _aNLR
_bОНЛ
_jЛатыш.г./1-126
901 _eПериодические издания: ОНЛ
942 _cISSNP
980 _aNB
981 2 3 _a(23) Национальные литературы
_b(23) Периодические издания на национальных языках